000 00408nam a2200193Ia 4500
001 13400
003 GE_BSU
008 181216s||||||||xx |||||||||||||| ||und||
040 _cGE_BSU
080 _a821.111-3
100 _aKing,Stephen.
245 _aHearts in Atlantis.
260 _aLondon.
260 _bBCA.
260 _c1999
300 _a499p;20cm.
653 _aHearts in Atlantis.
942 _cBK
999 _c46561
_d46561